Statystyki dla Państwa z najwyższymi budynkami

Kliknij tutaj aby rozwiązać quiz!

Ogólne statystyki

  • Ten quiz został rozwiązany 16 332 razy
  • Średni wynik to 13 z 21

Statystyki odpowiedzi

WysokośćNajwyższy budynekPaństwo% Poprawnych
541 m1 World Trade CenterStany Zjednoczone
98%
828 mBurdż ChalifaZjednoczone Emiraty Arabskie
92%
632 mBank of ____ TowerChiny
90%
601 mAbradż al-BajtArabia Saudyjska
86%
462 mŁachta CentrRosja
86%
300 mAbeno HarukasJaponia
82%
310 mThe ShardWielka Brytania
76%
300 mAspire TowerKatar
70%
555 mLotte World TowerKorea Południowa
68%
305 mT.Op Torre 1Meksyk
68%
323 mQ1Australia
62%
301 mMetropol ______ TowerTurcja
52%
330 mHotel RyugyŏngKorea Północna
51%
412 mAl Hamra TowerKuwejt
51%
309 mBaiyoke Tower IITajlandia
50%
300 mGran Torre SantiagoChile
47%
452 mPetronas TowersMalezja
47%
508 m_____ 101Tajwan
42%
461 mLandmark 81Wietnam
42%
311 mAbu Dhabi PlazaKazachstan
31%
318 mGrand Hyatt Hotel _____Filipiny
30%

Rozkład punktacji

Percentyl według liczby udzielonych odpowiedzi

Procent ludzi z każdym wynikiem

Twoja historia wyników

Nie rozwiązałeś tego quizu